| 000 | 00699 a2200169 4500 | ||
|---|---|---|---|
| 003 | Nust | ||
| 005 | 20230125131838.0 | ||
| 040 | _cNust | ||
| 082 | _a428.4,ACQ | ||
| 100 |
_aMurray, Frank B _9107642 |
||
| 245 |
_aThe Acquisition of reading / _cFrank B . Murray and John j Pikulski |
||
| 260 |
_aBaltimore _bUniversity Park |
||
| 300 | _a179:p | ||
| 505 | _aReading Acquisition (Page-1), Critique (Page-23), Reading as Thinking (Page-43), Critique (Page-55),How to Study Reading (Page-61), Information Processing (Page-91), Perception in The Acquisition (Page-99), Translating Research in Perception (Page-123), | ||
| 650 |
_a Acquisition of reading _9107643 |
||
| 942 |
_2ddc _cBK _k428.4,ACQ |
||
| 999 |
_c185741 _d185741 |
||